Formel 1 für Nerds – Nur echte Grid-Gurus schaffen 15/15 - Statistiken

Allgemein
  • Dieses Quiz wurde 54 mal gespielt
  • Das Durchschnittsergebnis liegt bei 6 aus 15
Antwortstatistiken
Hint Antwort % Korrekt
Wie viele Gänge hatte ein F1-Auto 2003 maximal? 7
91%
Wie viele Safety-Car-Phasen gab es im Rennen von Singapur 2008? 2
79%
Welcher Formel-1-Fahrer wurde bei seinem Debüt 2007 als „The Rain Master 2.0“ betitelt? Sebastian Vettel
74%
Mit welcher Reifenspezifikation (nach C1-C5-System) gewann Verstappen das Rennen in Zandvoort 2023? C2
72%
Welches Team verwendete 2009 den umstrittenen Doppel-Diffusor zuerst? Brawn GP
67%
Wie viele Weltmeistertitel gewann Renault als Motorenhersteller (alle Jahre)? 12
58%
Wie heißt das Steuergerät, das alle F1-Teams seit 2008 verpflichtend nutzen müssen? McLaren SECU
42%
Welche aktive F1-Strecke hat die meisten Kurven? Jeddah
40%
Welcher Fahrer erzielte in einem Super Aguri den besten Rennplatz in einem Trockengrandprix? Takuma Sato
37%
Wie viele PS hatte der Mercedes W11 im Qualifying-Trimm laut Teamangaben (2020)? 1049
33%
Wie lang ist die Boxengasse in Baku (2023, in Metern)? 326
16%
Welches Team hatte 1997 das erste Auto mit X-wings an der Seitenverkleidung? Tyrrell
12%
Welcher Fahrer hatte 2012 den höchsten Topspeed im Qualifying in Monza? Pastor Maldonado
9%
Welcher Hersteller baute das Getriebe für Red Bull Racing 2010? Xtrac
5%
Wie heißt die F1-Telemetriedatenverbindung mit 2ms Latenz, die 2022 eingeführt wurde? FOM NextGen
0%
Keine übereinstimmenden Quizze gefunden
Verteilung der Resultate
Anzahl Personen mit jedem Resultat
Perzentil nach korrekt beantworteten Fragen
Ihre Resultats-Entwicklung
Sie haben dieses Quiz noch nicht gespielt